| 000 -ლიდერი |
| ფიქსირებული სიგრძის საკონტროლო ველი |
01098nam a2200205Ia 4500 |
| 001 - საკონტროლო ნომერი |
| საკონტროლო ველი |
8221 |
| 003 - საკონტროლო ნომრის იდენტიფიკატორი |
| საკონტროლო ველი |
GE_BSU |
| 005 - ბოლო ოპერაციის თარიღი და დრო |
| საკონტროლო ველი |
20240418170655.0 |
| 008 - ფიქსირებული სიგრძის მონაცემთა ელემენტები - ზოგადი ინფორმაცია |
| ფიქსირებული სიგრძის საკონტროლო ველი |
181216s2013||||ge |||||||||||||| ||geo|| |
| 040 ## - კატალოგიზაციის წყარო |
| Transcribing agency |
GE_BSU |
| 080 ## - უნივერსალური ათობითი კლასიფიკაციის ინდექსი |
| Universal Decimal Classification number |
793.31(479.223) ა-82 |
| 100 ## - მთავარი ჩანაწერი - პიროვნების სახელი |
| Personal name |
აროშიძე, ლია |
| 9 (RLIN) |
21639 |
| 245 ## - ცნობა სათაურის შესახებ |
| Title |
მარადისობაში სახელოვნად გადასული ენვერ ხაბაძის 90 წლის იუბილე / |
| Statement of responsibility, etc |
ლია აროშიძე ; იდეის ავტორები გია მიქელაძე, ჯაბა სალუქვაძე. |
| 264 ## - წარმოების, გამოცემის, დისტრიბუციის და სხვა ცნობები |
| გამოცემის, წარმოების, დისტრიბუციის... ადგილი |
ბათუმი : |
| გამოცემის, წარმოების, დისტრიბუციის... სახელწოდება |
[გ.გ.], |
| გამოცემის, წარმოების, დისტრიბუციის... თარიღი |
2013. |
| 300 ## - ფიზიკური აღწერა |
| Extent |
28 გვ. ; |
| Dimensions |
20 სმ. |
| 653 ## - INDEX TERM--UNCONTROLLED |
| Uncontrolled term |
მარადისობაში სახელოვნად გადასული ენვერ ხაბაძის 90 წლის იუბილე |
| 700 ## - ADDED ENTRY--PERSONAL NAME |
| Personal name |
მიქელაძე, გია |
| Relator term |
ავტორი |
| 9 (RLIN) |
21876 |
| 700 ## - ADDED ENTRY--PERSONAL NAME |
| Personal name |
სალუქვაძე, ჯაბა |
| Relator term |
ავტორი |
| 9 (RLIN) |
21877 |
| 942 ## - ADDED ENTRY ELEMENTS (KOHA) |
| Koha item type |
წიგნი |
| Source of classification or shelving scheme |
|